000 00694cam a22002533a 4500
001 32041
003 PGUSA
005 20140828083708.0
008 100418s2010||||xxu|||||s|||||000 1 eng d
040 _aPGUSA
_beng
042 _adc
050 4 _aPS
100 1 _aSheckley, Robert,
_d1928-2005
245 1 0 _aOne Man's Poison
_h[electronic resource] /
_cRobert Sheckley
260 _bProject Gutenberg,
_c2010
506 _aPublic domain in the USA.
516 _aElectronic text
653 _aShort stories
653 _aScience fiction
700 1 _aEmshwiller, Ed,
_d1925-1990
830 0 _aProject Gutenberg
_v32041
856 4 0 _uhttp://www.gutenberg.org/ebooks/32041
942 _cEB
999 _c261296
_d261296